| 000 | 00534nam a22001937a 4500 | ||
|---|---|---|---|
| 003 | OSt | ||
| 005 | 20140310182217.0 | ||
| 008 | 130907t xxu||||| |||| 00| 0 eng d | ||
| 020 | _a9712306291 | ||
| 050 |
_aGV 461 _b.D587 1990 |
||
| 082 |
_aHS 796.44 _bD616 1990 |
||
| 100 |
_aDioso, Clarita P. _917144 |
||
| 245 |
_aGymnastics books / _c Clarita P. Dioso Ed.D. |
||
| 260 |
_aManila, Philipines : _bRex book store, _cc1990. |
||
| 300 |
_aviii,151 p. : _bill, ; _c22 cm. |
||
| 541 | _j1 | ||
| 562 | _e1 | ||
| 942 |
_2lcc _cHS |
||
| 999 |
_c10635 _d10635 |
||